Committee on Economic, Social and cultural Rights (Record no. 1738)
[ view plain ]
| 000 -LEADER | |
|---|---|
| fixed length control field | 00486nam a22001217a 4500 |
| 008 - FIXED-LENGTH DATA ELEMENTS--GENERAL INFORMATION | |
| fixed length control field | 230620b xxu||||| |||| 00| 0 eng d |
| 082 ## - DEWEY DECIMAL CLASSIFICATION NUMBER | |
| Classification number | 323.4 |
| Item number | UNI |
| 110 ## - MAIN ENTRY--CORPORATE NAME | |
| Subordinate unit | United Nations |
| Location of meeting | NY and Geneva |
| Date of meeting or treaty signing | 1998 |
| 245 ## - TITLE STATEMENT | |
| Title | Committee on Economic, Social and cultural Rights |
| Remainder of title | Report on the sixteenth and seventeenth sessions (28 April-16 May, 17 November-5 December 1997) |
| Statement of responsibility, etc. | Economic and social council |
| Medium | Supplement no.2 |
| 260 ## - PUBLICATION, DISTRIBUTION, ETC. (IMPRINT) | |
| Place of publication, distribution, etc. | Newyork and geneva |
| Name of publisher, distributor, etc. | UN |
| Date of publication, distribution, etc. | 1998 |
| 300 ## - PHYSICAL DESCRIPTION | |
| Extent | 173p |
| 942 ## - ADDED ENTRY ELEMENTS (KOHA) | |
| Source of classification or shelving scheme | Dewey Decimal Classification |
| Koha item type | Books |
| Withdrawn status | Lost status | Source of classification or shelving scheme | Damaged status | Not for loan | Home library | Current library | Date acquired | Total Checkouts | Full call number | Barcode | Date last seen | Price effective from | Koha item type |
|---|---|---|---|---|---|---|---|---|---|---|---|---|---|
| Dewey Decimal Classification | County Hall Archives | County Hall Archives | 06/20/2023 | 323.4 UNI | 10011761 | 06/20/2023 | 06/20/2023 | Books |
